Social network analysis on the information exchange of Sorsogon City's cdrrmc during typhoon nina / (Record no. 22334)
[ view plain ]
| 000 -LEADER | |
|---|---|
| fixed length control field | 00868nam a22001817a 4500 |
| 005 - DATE AND TIME OF LATEST TRANSACTION | |
| control field | 20241008104921.0 |
| 008 - FIXED-LENGTH DATA ELEMENTS--GENERAL INFORMATION | |
| fixed length control field | 241008b |||||||| |||| 00| 0 eng d |
| 100 ## - MAIN ENTRY--PERSONAL NAME | |
| Personal name | Buenaobra, Nissi Abigail J. |
| Relator term | author. |
| 9 (RLIN) | 62510 |
| 245 ## - TITLE STATEMENT | |
| Title | Social network analysis on the information exchange of Sorsogon City's cdrrmc during typhoon nina / |
| Statement of responsibility, etc. | Nissi Abigail J. Buenaobra, Aries P. Austria, Hannah Trisha M. Calucin, Gianna C. Capacia, and Joel L. Dela Paz, Jr. |
| 260 ## - PUBLICATION, DISTRIBUTION, ETC. (IMPRINT) | |
| Place of publication, distribution, etc. | Philippines; |
| Name of publisher, distributor, etc. | Litera Trading Inc., |
| Date of publication, distribution, etc. | January-June 2019. |
| 300 ## - PHYSICAL DESCRIPTION | |
| Extent | Volume 63, pages 49-76, |
| Other physical details | illustration. |
| 700 ## - ADDED ENTRY--PERSONAL NAME | |
| Personal name | Buenaobra, Nissi Abigail J. |
| Relator term | author. |
| 9 (RLIN) | 62511 |
| 700 ## - ADDED ENTRY--PERSONAL NAME | |
| Personal name | Austria, Aries P. |
| Relator term | author. |
| 9 (RLIN) | 62540 |
| 700 ## - ADDED ENTRY--PERSONAL NAME | |
| Personal name | Calucin, Hannah Trisha M. |
| Relator term | author. |
| 9 (RLIN) | 62541 |
| 700 ## - ADDED ENTRY--PERSONAL NAME | |
| Personal name | Capacia, Gianna C. |
| Relator term | author. |
| 9 (RLIN) | 62542 |
| 700 ## - ADDED ENTRY--PERSONAL NAME | |
| Personal name | Dela Paz, Jr., Joel L. |
| Relator term | author. |
| 9 (RLIN) | 62543 |
| 942 ## - ADDED ENTRY ELEMENTS (KOHA) | |
| Source of classification or shelving scheme | Dewey Decimal Classification |
| Koha item type | Periodicals |
| Withdrawn status | Lost status | Source of classification or shelving scheme | Damaged status | Not for loan | Collection code | Home library | Current library | Date acquired | Total Checkouts | Date last seen | Price effective from | Koha item type | Public note |
|---|---|---|---|---|---|---|---|---|---|---|---|---|---|
| Dewey Decimal Classification | Periodicals | UM Digos College - LIC | UM Digos College - LIC | 10/08/2024 | 10/08/2024 | 10/08/2024 | Periodicals | Periodical Article |
